Statistics for New York Knicks 40 Point Games

Click here to take the quiz!

General Stats

  • This quiz has been taken 196 times
    (16 since last reset)
  • The average score is 12 of 38

Answer Stats

PlayerMaxNb% Correct
Patrick Ewing5130
100%
Carmelo Anthony6217
94%
Jalen Brunson6115
88%
Walt Frazier445
88%
Bernard King6023
81%
Julius Randle5710
69%
Willis Reed535
69%
Allan Houston534
56%
Amar'e Stoudemire413
44%
Donte DiVincenzo401
44%
Kristaps Porziņģis401
38%
RJ Barrett462
38%
Stephon Marbury455
38%
Dave DeBusschere411
31%
Immanuel Quickley401
31%
Latrell Sprewell493
31%
Gerald Wilkins432
25%
Kemba Walker441
25%
Richie Guerin5714
25%
Bob McAdoo459
19%
Evan Fournier411
19%
Nate Robinson453
19%
Ray Williams421
19%
Dick Barnett412
13%
Eddy Curry431
13%
Jamal Crawford524
13%
Al Harrington422
6%
Carl Braun472
6%
Obi Toppin421
6%
Walt Bellamy442
6%
Bill McGill411
0%
Cazzie Russell422
0%
Kenny Sears411
0%
Lonnie Shelton411
0%
Spencer Haywood461
0%
Toby Knight431
0%
Trey Burke421
0%
Willie Naulls494
0%

Score Distribution

Percentile by Number Answered

Percent of People with Each Score

Your Score History

You have not taken this quiz since the last reset